| 000 | 01232cam a2200337 4500 | ||
|---|---|---|---|
| 001 | 1322 | ||
| 003 | BD-RjUL | ||
| 005 | 20211208233321.0 | ||
| 008 | 131125s1973 enk b 001 0beng | ||
| 020 | _a0710074077 | ||
| 035 | _a(BD-RjUL) 1344 | ||
| 040 |
_aDLC _cDLC _dDLC _dBD-RjUL _beng |
||
| 041 | _aeng | ||
| 082 | 0 | 0 |
_a189.5 _bMOM 1973 |
| 100 | 1 |
_aMorewedge, Parviz. _93903 |
|
| 245 | 1 | 4 |
_aThe Metaphysica of Avicenna (ibn Sīnā); _ba critical translation-commentary and analysis of the fundamental arguments in Avicenna's Metaphysica in the Dānish nāma-i 'alā'ī (The book of scientific knowledge / _cParviz Morewedge. |
| 260 |
_aLondon : _bRoutledge & Kegan Paul, _c1973. |
||
| 300 |
_axxvii, 336 p. ; _c23 cm. |
||
| 350 | _a£5.00 | ||
| 490 | 1 |
_aPersian heritage series, _vno. 13 |
|
| 504 | _aIncludes bibliographical references. | ||
| 600 | 0 | 0 |
_aAvicenna, _d980-1037. _986681 |
| 650 | 0 |
_aMetaphysics. _92787 |
|
| 650 | 0 |
_aIslamic philosophy. _93905 |
|
| 830 | 0 |
_vno. 13. _986682 |
|
| 700 | 0 | 2 |
_aAvicenna, _d980-1037. _tDānishnāmah-ʼi. ʻAlāʼī. 2. Ilāhīyāt. English. 1973. _93907 |
| 830 | 0 |
_aPersian heritage series ; _986683 |
|
| 942 |
_2ddc _cBK |
||
| 999 |
_c1322 _d1322 |
||